[Event "Igor Kurnosov Mem Rapid"]
[Site "Chelyabinsk RUS"]
[Date "2016.05.27"]
[Round "7.7"]
[White "Khusnutdinov, Rustam"]
[Black "Khismatullin, Denis"]
[Result "0-1"]
[WhiteTitle "GM"]
[BlackTitle "GM"]
[WhiteElo "2487"]
[BlackElo "2609"]
[WhiteFideId "13701703"]
[BlackFideId "4142578"]
[EventDate "2016.05.26"]

1. e4 c5 2. Nf3 d6 3. c3 Nf6 4. h3 Nbd7 5. Bd3 b6 6. O-O Bb7 7. Re1 Rc8 8. a4 c4
9. Bc2 Nc5 10. e5 dxe5 11. Nxe5 Qd5 12. Qf3 Qxe5 13. Rxe5 Bxf3 14. gxf3 e6 15.
Na3 Nd3 16. Bxd3 cxd3 17. Re3 Rd8 18. b4 Bd6 19. Nc4 Bf4 20. Re1 h5 21. b5 g5
22. Kg2 Nd5 23. Ne3 Ne7 24. a5 Ng6 25. Kf1 Nh4 26. Nc4 Nxf3 27. Re4 bxa5 28.
Rxa5 O-O 29. Rxa7 Ra8 30. Ra3 e5 31. Kg2 Nh4+ 32. Kf1 Nf3 33. Kg2 g4 34. hxg4
hxg4 35. Rxa8 Rxa8 36. Ne3 Nh4+ 37. Kf1 Ra1 38. Nxg4 f5 0-1

[Event "Igor Kurnosov Mem Rapid"]
[Site "Chelyabinsk RUS"]
[Date "2016.05.27"]
[Round "7.8"]
[White "Drygalov, Sergey"]
[Black "Riazantsev, Alexander"]
[Result "0-1"]
[BlackTitle "GM"]
[WhiteElo "2372"]
[BlackElo "2646"]
[WhiteFideId "24171743"]
[BlackFideId "4125029"]
[EventDate "2016.05.26"]

1. d4 Nf6 2. Nf3 d5 3. c4 e6 4. g3 dxc4 5. Qa4+ Nbd7 6. Qxc4 a6 7. Bg2 b5 8. Qc6
Rb8 9. Bf4 Bb4+ 10. Nbd2 Bb7 11. Qxc7 Qxc7 12. Bxc7 Rc8 13. Bf4 Rc2 14. a3 Bxd2+
15. Bxd2 Rxb2 16. Bc3 Rc2 17. Bb4 Nb6 18. e3 Be4 19. O-O Nfd5 20. Bc5 Na4 21.
Rfc1 Rxc1+ 22. Rxc1 Nxc5 23. Rxc5 Ke7 24. Ne5 Bxg2 25. Kxg2 f6 26. Nc6+ Kd7 27.
e4 Nc7 28. Kf3 a5 29. Rc3 Ra8 30. Ke2 Kd6 31. f4 Kd7 32. Kd3 Ne8 33. Rc5 Nd6 34.
e5 Nb7 35. Rc3 b4 36. axb4 a4 37. Na5 Nxa5 38. bxa5 Rxa5 39. Ra3 Ra7 40. g4 Kc6
41. Kc4 fxe5 42. fxe5 g5 43. h3 Ra8 44. Kd3 Ra7 45. Kc4 Ra6 46. d5+ exd5+ 47.
Kd4 Ra5 48. Kc3 Kc5 49. Ra1 a3 50. Kb3 a2 51. Kb2 d4 52. Rc1+ 0-1

[Event "Igor Kurnosov Mem Rapid"]
[Site "Chelyabinsk RUS"]
[Date "2016.05.27"]
[Round "7.9"]
[White "Shomoev, Anton"]
[Black "Yuffa, Daniil"]
[Result "0-1"]
[WhiteTitle "GM"]
[BlackTitle "IM"]
[WhiteElo "2553"]
[BlackElo "2503"]
[WhiteFideId "4135148"]
[BlackFideId "24131423"]
[EventDate "2016.05.26"]

1. e4 c6 2. d4 d5 3. Nc3 dxe4 4. Nxe4 Bf5 5. Ng3 Bg6 6. h4 h6 7. Nf3 Nd7 8. h5
Bh7 9. Bd3 Bxd3 10. Qxd3 e6 11. Bd2 Ngf6 12. O-O-O Be7 13. Kb1 Qb6 14. Rhe1 O-O
15. Nf5 exf5 16. Rxe7 Qd8 17. Re2 Ne4 18. Bf4 Ndf6 19. Ne5 Nxh5 20. Bc1 Nhf6 21.
g4 c5 22. f3 Qxd4 23. Qxd4 cxd4 24. fxe4 fxg4 25. Rxd4 Rad8 26. c3 Rxd4 27. cxd4
Rd8 28. d5 Re8 29. Bf4 g5 30. Bh2 h5 31. d6 h4 32. d7 Rd8 33. Rc2 Kg7 34. Rc8
Rxd7 35. Nxd7 Nxd7 36. Rc3 Nf6 37. Re3 g3 38. Bxg3 hxg3 39. Rxg3 Nxe4 40. Rg1 f5
41. Kc2 Kf6 42. Kd3 Ke5 43. Rc1 g4 44. Rc7 a6 45. b4 b5 46. Rc8 g3 47. Ke2 g2
48. Rg8 Nc3+ 49. Kf3 Nxa2 50. Rxg2 Nxb4 51. Rg6 Kd4 52. Ke2 a5 53. Rb6 Nd5 54.
Ra6 a4 55. Kd2 f4 56. Ra8 Kc4 57. Rc8+ Kb4 58. Rd8 a3 59. Kc2 Ne3+ 60. Kb1 Nc4
61. Kc2 f3 62. Rf8 a2 63. Ra8 f2 64. Rxa2 Na3+ 0-1

[Event "Igor Kurnosov Mem Rapid"]
[Site "Chelyabinsk RUS"]
[Date "2016.05.27"]
[Round "7.10"]
[White "Shcherbakov, Ruslan"]
[Black "Gunina, Valentina"]
[Result "1-0"]
[WhiteTitle "GM"]
[BlackTitle "GM"]
[WhiteElo "2492"]
[BlackElo "2497"]
[WhiteFideId "4102240"]
[BlackFideId "4167570"]
[EventDate "2016.05.26"]

1. e4 c6 2. d4 d5 3. Nc3 dxe4 4. Nxe4 Bf5 5. Ng3 Bg6 6. Bc4 Nd7 7. N1e2 e6 8. h4
h6 9. Nf4 Bh7 10. Qe2 Qb6 11. d5 e5 12. dxc6 bxc6 13. O-O Be7 14. Nfh5 Kf8 15.
Qg4 g6 16. Qxd7 Rd8 17. Nf6 Kg7 18. Bxh6+ Nxh6 19. Qxe7 Rhf8 20. Nfh5+ Kg8 21.
Qg5 1-0

[Event "Igor Kurnosov Mem Rapid"]
[Site "Chelyabinsk RUS"]
[Date "2016.05.27"]
[Round "8.1"]
[White "Movsesian, Sergei"]
[Black "Inarkiev, Ernesto"]
[Result "1/2-1/2"]
[WhiteTitle "GM"]
[BlackTitle "GM"]
[WhiteElo "2660"]
[BlackElo "2686"]
[WhiteFideId "310204"]
[BlackFideId "4162722"]
[EventDate "2016.05.26"]

1. e4 e5 2. Nf3 Nc6 3. Bb5 a6 4. Ba4 Nf6 5. O-O Be7 6. d3 b5 7. Bb3 O-O 8. a4 b4
9. a5 d6 10. Nbd2 Rb8 11. Re1 h6 12. Bc4 Be6 13. Bxa6 Ra8 14. Bc4 Rxa5 15. Rxa5
Nxa5 16. Bxe6 fxe6 17. c3 bxc3 18. bxc3 Qd7 19. d4 exd4 20. cxd4 Rb8 21. Ba3 Nc6
22. h3 Nb4 23. Qb3 d5 24. Ne5 Qe8 25. exd5 exd5 26. Nd3 Nc6 27. Qc3 Qd8 28. Bxe7
Nxe7 29. Nc5 Nf5 30. Qd3 Nd6 31. Qg6 Qf8 32. Nf3 Qf7 33. Qxf7+ Kxf7 34. Ne5+ Kg8
35. Ne6 Nfe8 36. f3 Rb2 37. Ra1 Rb8 38. Ra5 c6 39. Nxc6 Rb6 40. Rc5 Nb7 41. Rc2
Nf6 42. Nf4 Nd6 43. Ne7+ Kf7 44. Nexd5 Nxd5 45. Nxd5 Rb1+ 46. Kh2 Rd1 47. Rc7+
Ke6 48. Nf4+ Kf5 49. Nh5 g6 50. Rc5+ Ke6 51. Nf4+ Kf6 52. d5 g5 53. Nh5+ Ke5 54.
Rc7 Nf5 55. Rh7 Rxd5 56. Ng3 Rd6 57. Ne4 Rb6 58. Rh8 Rb2 59. Re8+ Kd4 60. Nf6
Nh4 61. Re4+ Kd3 62. Rg4 Nxf3+ 63. Kg3 Nd4 64. Kh2 Nf5 65. Nd5 Rd2 66. Kg1 Rb2
67. Nb4+ Kd2 68. Nd5 Rb5 69. Nf6 Kd3 70. Ra4 Rb1+ 71. Kh2 Rb2 72. Ng4 h5 73.
Ne5+ Ke2 74. Nf3 Ne3 75. Nxg5 Kd3 76. Ra3+ Kd4 77. Nf3+ Ke4 78. Nh4 Kf4 79. Ng6+
Ke4 80. Ra4+ Kf5 81. Nh4+ Kg5 82. Nf3+ Kf5 83. Nh4+ Kg5 84. Nf3+ Kf5 1/2-1/2

[Event "Igor Kurnosov Mem Rapid"]
[Site "Chelyabinsk RUS"]
[Date "2016.05.27"]
[Round "8.2"]
[White "Smirnov, Pavel"]
[Black "Kosyrev, Vladimir"]
[Result "1-0"]
[WhiteTitle "GM"]
[BlackTitle "GM"]
[WhiteElo "2564"]
[BlackElo "2520"]
[WhiteFideId "4123425"]
[BlackFideId "4122259"]
[EventDate "2016.05.26"]

1. d4 e6 2. c4 Nf6 3. g3 d5 4. Bg2 dxc4 5. Nf3 a6 6. Ne5 c5 7. Be3 Nd5 8. Nc3
Nxe3 9. fxe3 Be7 10. O-O O-O 11. d5 Bf6 12. Nxc4 b5 13. dxe6 Ra7 14. exf7+ Kh8
15. Qxd8 Rxd8 16. Nd6 Be6 17. Bd5 Bxd5 18. Nxd5 Nd7 19. Ne8 Nf8 20. Ndxf6 gxf6
21. Rxf6 Rd2 22. Raf1 Rd5 23. R1f4 Rg5 24. Rd6 Re7 25. Rd8 Rge5 26. Nd6 1-0

[Event "Igor Kurnosov Mem Rapid"]
[Site "Chelyabinsk RUS"]
[Date "2016.05.27"]
[Round "8.3"]
[White "Shcherbakov, Ruslan"]
[Black "Grischuk, Alexander"]
[Result "0-1"]
[WhiteTitle "GM"]
[BlackTitle "GM"]
[WhiteElo "2492"]
[BlackElo "2752"]
[WhiteFideId "4102240"]
[BlackFideId "4126025"]
[EventDate "2016.05.26"]

1. e4 c5 2. Nf3 d6 3. Bb5+ Bd7 4. Bxd7+ Nxd7 5. O-O Ngf6 6. Qe2 e6 7. c4 a6 8.
d4 cxd4 9. Nxd4 Rc8 10. b3 Be7 11. Bb2 Qa5 12. Nc3 O-O 13. Rac1 Qh5 14. Qxh5
Nxh5 15. Rfd1 Rc7 16. g3 Nhf6 17. f3 Rfc8 18. Kg2 Ne8 19. Nf5 exf5 20. Nd5 Bf6
21. Bxf6 Ndxf6 22. Nxc7 Rxc7 23. exf5 g6 24. fxg6 fxg6 25. b4 b6 26. Rd3 Rc6 27.
Rcc3 a5 28. a3 g5 29. g4 Kf7 30. Kg3 Nd7 31. Rd5 axb4 32. axb4 Ne5 33. c5 bxc5
34. bxc5 Ke6 35. Rd1 Rxc5 36. Rxc5 dxc5 37. f4 gxf4+ 38. Kxf4 Nf6 39. h3 Nd5+
40. Kg5 Nf7+ 41. Kh5 Nf4+ 42. Kh4 c4 43. Rc1 Ne5 44. Kg5 Nfd3 45. Rc2 Nf7+ 46.
Kh5 Nf4+ 47. Kh4 Kd5 48. g5 Ne5 49. Kg3 Ke4 50. h4 Nh5+ 51. Kh3 Kd3 52. Rc1 c3
53. Rd1+ Ke2 0-1

[Event "Igor Kurnosov Mem Rapid"]
[Site "Chelyabinsk RUS"]
[Date "2016.05.27"]
[Round "8.4"]
[White "Yuffa, Daniil"]
[Black "Rublevsky, Sergei"]
[Result "0-1"]
[WhiteTitle "IM"]
[BlackTitle "GM"]
[WhiteElo "2503"]
[BlackElo "2692"]
[WhiteFideId "24131423"]
[BlackFideId "4115309"]
[EventDate "2016.05.26"]

1. Nf3 d5 2. c4 c6 3. e3 Nf6 4. Nc3 a6 5. d4 e6 6. Qc2 c5 7. cxd5 exd5 8. Be2
Be6 9. O-O Nc6 10. Rd1 cxd4 11. Nxd4 Nxd4 12. Rxd4 Bc5 13. Rd2 Qe7 14. Qa4+ Bd7
15. Qd1 O-O 16. Nxd5 Nxd5 17. Rxd5 Bc6 18. Rh5 g6 19. Rh3 Rfd8 20. Qe1 Bb4 21.
Qf1 Rac8 22. a3 Bd6 23. e4 Bxe4 24. Bh6 Bf5 25. g4 Be6 26. Rc1 Qf6 27. b4 g5 28.
Rh5 Bf4 29. Rc5 Rxc5 30. bxc5 Rd5 31. Qb1 Rxc5 32. Qxh7+ Kxh7 33. Bxg5+ Kg6 34.
Bd3+ Bf5 35. Bxf6 Rc1+ 36. Kg2 Bxd3 37. Bd4 Be4+ 38. Kh3 Rd1 39. Be5 Rd3+ 40.
Kh4 Bg2 0-1

[Event "Igor Kurnosov Mem Rapid"]
[Site "Chelyabinsk RUS"]
[Date "2016.05.27"]
[Round "8.5"]
[White "Khismatullin, Denis"]
[Black "Potapov, Pavel"]
[Result "0-1"]
[WhiteTitle "GM"]
[BlackTitle "GM"]
[WhiteElo "2609"]
[BlackElo "2485"]
[WhiteFideId "4142578"]
[BlackFideId "4169786"]
[EventDate "2016.05.26"]

1. b3 e5 2. Bb2 Nc6 3. e3 g6 4. c4 Bg7 5. d4 exd4 6. Nf3 d5 7. Nxd4 dxc4 8. Bxc4
Nxd4 9. Bxd4 Bxd4 10. exd4 Qe7+ 11. Qe2 Qxe2+ 12. Kxe2 Nf6 13. Nc3 O-O 14. f3 c6
15. Kf2 Bd7 16. Rad1 Kg7 17. h4 h5 18. d5 cxd5 19. Nxd5 Rad8 20. Nf4 Bc6 21. Kg3
Rfe8 22. a4 Kf8 23. a5 b6 24. a6 b5 25. Be2 Rxd1 26. Rxd1 Ke7 27. Bf1 Rd8 28.
Nd3 Rd6 29. Rc1 Bd7 30. Nc5 Rb6 31. Nxd7 Kxd7 32. Rc5 b4 33. Bc4 Kd6 34. Rc8 Nd7
35. Ra8 Ne5 36. Be2 Nc6 37. f4 Rb8 38. Rxb8 Nxb8 39. f5 Ke5 40. fxg6 fxg6 41.
Bb5 Ke4 42. Be8 Kf5 43. Bb5 Ke4 44. Kf2 Kd4 45. Be8 Nxa6 46. Bxg6 Nc5 47. Bf7 a5
48. Kf3 Ke5 49. Ke3 Kf6 50. Bc4 Ke5 51. g3 Ne4 52. g4 hxg4 53. h5 Ng3 54. Bf7
Kf6 55. Be8 Kg5 56. Kd4 Nxh5 57. Kc4 Kf4 58. Bc6 Nf6 59. Bh1 Ne4 60. Kb5 Nd2 61.
Kxa5 Nf3 62. Kxb4 Kg3 63. Kc3 Kh2 64. b4 Kxh1 0-1

[Event "Igor Kurnosov Mem Rapid"]
[Site "Chelyabinsk RUS"]
[Date "2016.05.27"]
[Round "8.6"]
[White "Frolov, Ivan"]
[Black "Riazantsev, Alexander"]
[Result "0-1"]
[WhiteTitle "FM"]
[BlackTitle "GM"]
[WhiteElo "2344"]
[BlackElo "2646"]
[WhiteFideId "4188012"]
[BlackFideId "4125029"]
[EventDate "2016.05.26"]

1. Nf3 d5 2. d4 Nf6 3. c4 e6 4. Nc3 c6 5. Bg5 h6 6. Bxf6 Qxf6 7. e3 g6 8. Bd3
Bg7 9. O-O O-O 10. b4 Qe7 11. Rb1 dxc4 12. Bxc4 Nd7 13. Qb3 e5 14. d5 e4 15. Nd2
Nf6 16. dxc6 bxc6 17. Rfc1 h5 18. Ne2 a5 19. bxa5 Rxa5 20. Qb4 Qxb4 21. Rxb4 Rd8
22. Nf1 c5 23. Rb8 Ne8 24. Nc3 Be5 25. Rb5 Rxb5 26. Bxb5 Nd6 27. Bc6 f5 28. Nd5
c4 29. a4 Be6 30. a5 Nc8 31. Nf4 Bf7 32. a6 Na7 33. Bb7 Bb2 34. Rc2 c3 35. Ne2
Rd3 36. Nd4 Bc4 0-1

[Event "Igor Kurnosov Mem Rapid"]
[Site "Chelyabinsk RUS"]
[Date "2016.05.27"]
[Round "8.7"]
[White "Zvjaginsev, Vadim"]
[Black "Looshnikov, Nikolai"]
[Result "1-0"]
[WhiteTitle "GM"]
[BlackTitle "IM"]
[WhiteElo "2672"]
[BlackElo "2463"]
[WhiteFideId "4113403"]
[BlackFideId "4150104"]
[EventDate "2016.05.26"]

1. e4 c5 2. Nf3 Nc6 3. Bb5 g6 4. O-O Bg7 5. Re1 Nf6 6. d3 O-O 7. h3 b6 8. Bxc6
dxc6 9. Nc3 Ne8 10. Bf4 Nc7 11. Qd2 Re8 12. Be5 f6 13. Bxc7 Qxc7 14. e5 Bf5 15.
Re2 Rad8 16. Qf4 fxe5 17. Qc4+ Kh8 18. Rae1 Rd4 19. Nxd4 exd4 20. Ne4 e5 21. Ng5
h6 22. Nf3 Be6 23. Qa6 Bd5 24. Nd2 Qf7 25. b3 h5 26. Nc4 Qf5 27. Nd6 Qg5 28. f4
Qe7 29. Rxe5 Qxd6 30. Rxe8+ Kh7 31. Qxa7 Qxf4 32. R8e7 b5 33. Qa4 1-0

[Event "Igor Kurnosov Mem Rapid"]
[Site "Chelyabinsk RUS"]
[Date "2016.05.27"]
[Round "8.8"]
[White "Bashkov, Viacheslav"]
[Black "Maletin, Pavel"]
[Result "0-1"]
[WhiteTitle "IM"]
[BlackTitle "GM"]
[WhiteElo "2256"]
[BlackElo "2580"]
[WhiteFideId "4113055"]
[BlackFideId "4146786"]
[EventDate "2016.05.26"]

1. e4 c5 2. Nf3 e6 3. d4 cxd4 4. Nxd4 Nc6 5. Nc3 Qc7 6. Be2 a6 7. O-O Nf6 8. Be3
Be7 9. f4 d6 10. Qe1 O-O 11. Qg3 Nxd4 12. Bxd4 b5 13. a3 Bb7 14. Kh1 Rad8 15.
Rad1 g6 16. f5 e5 17. Be3 Bxe4 18. Bh6 d5 19. Bxf8 Rxf8 20. fxg6 hxg6 21. Bd3
Kg7 22. Bxe4 Nxe4 23. Nxe4 dxe4 24. Rd5 f6 25. c3 Rd8 26. Rfd1 Rxd5 27. Rxd5 Qc4
28. Rd1 Qe2 29. Qe1 Qxb2 30. Qxe4 Qxc3 31. h3 Qxa3 32. Rd7 Qc5 33. Qa8 Kh6 34.
Qxa6 Qc1+ 35. Kh2 Qf4+ 36. Kh1 Qf1+ 37. Kh2 Bc5 38. Qa2 Bg1+ 39. Kh1 Bf2+ 0-1

[Event "Igor Kurnosov Mem Rapid"]
[Site "Chelyabinsk RUS"]
[Date "2016.05.27"]
[Round "8.9"]
[White "Sotnikov, Alexander I."]
[Black "Yudin, Sergei"]
[Result "0-1"]
[WhiteTitle "FM"]
[BlackTitle "GM"]
[WhiteElo "2151"]
[BlackElo "2530"]
[WhiteFideId "4148088"]
[BlackFideId "4159659"]
[EventDate "2016.05.26"]

1. Nf3 e6 2. b3 Nf6 3. Bb2 d5 4. g3 b5 5. Bg2 Bb7 6. d4 Nbd7 7. O-O c5 8. dxc5
Bxc5 9. Nd4 Qb6 10. e3 O-O 11. Nc3 a6 12. a4 b4 13. a5 Qc7 14. Nce2 e5 15. Nf3
Rfe8 16. h3 Rac8 17. g4 Ne4 18. Ne1 Bf8 19. f3 Nd6 20. Qd2 Nb5 21. f4 exf4 22.
exf4 Nc5 23. Nd4 Ne4 24. Nxb5 Nxd2 25. Nxc7 Rxc7 26. Be5 Rcc8 27. Rd1 Nxf1 28.
Kxf1 Rc5 29. Ra1 Bc6 30. Bd4 Bb5+ 31. Kg1 Rcc8 32. Bf2 Bc5 33. Bxd5 Bxf2+ 34.
Kxf2 Re2+ 35. Kg3 Rc3+ 36. Nf3 Rexc2 37. Rd1 Kf8 38. Be4 Re2 39. Rd4 Rxb3 40. g5
Rxe4 41. Rxe4 Bc6 42. Rc4 Bxf3 43. Rc8+ Ke7 44. Rc7+ Kd6 0-1

[Event "Igor Kurnosov Mem Rapid"]
[Site "Chelyabinsk RUS"]
[Date "2016.05.27"]
[Round "8.10"]
[White "Trifonov, Pavel"]
[Black "Gutenev, Alexander"]
[Result "0-1"]
[BlackTitle "FM"]
[WhiteElo "2271"]
[BlackElo "2398"]
[WhiteFideId "4194446"]
[BlackFideId "4195540"]
[EventDate "2016.05.26"]

1. e4 c5 2. Nf3 Nc6 3. Bb5 g6 4. Bxc6 bxc6 5. O-O Bg7 6. Re1 Nh6 7. d4 cxd4 8.
Bxh6 Bxh6 9. Qxd4 O-O 10. e5 Bg7 11. Nc3 Qb6 12. Qh4 Qxb2 13. Ne4 d5 14. exd6
exd6 15. Rab1 Qxa2 16. Nxd6 h6 17. Ne8 Be6 18. Nxg7 Kxg7 19. Qd4+ Kh7 20. h4 Qd5
21. Qf4 Qf5 22. Qg3 Bd5 23. Ne5 Rae8 24. Rb7 a5 25. Kh2 a4 26. Ra7 Ra8 27. Rxa8
Rxa8 28. c4 Be6 29. Re3 Kg7 30. Nxc6 Bxc4 31. Rf3 Qe4 32. Ne5 Be6 33. Rf4 Qe2
34. Qc3 Kg8 35. Nc6 a3 36. Nd4 Qe5 37. Qf3 Bd5 38. Qg3 a2 39. Nc2 a1=Q 40. Nxa1
Rxa1 0-1

[Event "Igor Kurnosov Mem Rapid"]
[Site "Chelyabinsk RUS"]
[Date "2016.05.27"]
[Round "9.1"]
[White "Inarkiev, Ernesto"]
[Black "Smirnov, Pavel"]
[Result "0-1"]
[WhiteTitle "GM"]
[BlackTitle "GM"]
[WhiteElo "2686"]
[BlackElo "2564"]
[WhiteFideId "4162722"]
[BlackFideId "4123425"]
[EventDate "2016.05.26"]

1. d4 d5 2. c4 e6 3. Nc3 c6 4. e3 Nf6 5. Nf3 Nbd7 6. Qc2 Bd6 7. Be2 O-O 8. O-O
dxc4 9. Bxc4 b5 10. Be2 Bb7 11. e4 e5 12. Be3 Qe7 13. Rad1 a6 14. Rfe1 c5 15. d5
c4 16. a4 Bc5 17. Bg5 b4 18. Nb1 Rac8 19. Nbd2 Bxf2+ 20. Kxf2 Qc5+ 21. Kg3 Nh5+
22. Kh3 f6 23. Bh4 Nf4+ 24. Kg3 g5 25. Bxc4 gxh4+ 26. Nxh4 Kh8 27. Kf3 f5 28.
Nxf5 Nxd5 29. exd5 Bxd5+ 30. Ke2 Bxc4+ 31. Nxc4 Qxc4+ 32. Qxc4 Rxc4 33. Ne3 Rd4
34. Nc2 Re4+ 35. Ne3 Nc5 36. a5 Nb3 37. Rd5 Ref4 38. Kd3 Rf2 39. Nc4 Rxg2 40.
Rdxe5 Rd8+ 41. Ke3 Rxh2 42. Rf1 Rh4 43. Rf4 Rxf4 44. Kxf4 Rd4+ 45. Re4 Rxe4+ 46.
Kxe4 h5 47. Kd5 Kg7 48. Ne5 h4 49. Kc4 h3 50. Ng4 Nxa5+ 51. Kxb4 Nc6+ 52. Kc5
Ne5 53. Nh2 Kf6 54. Kb6 Kf5 55. Kxa6 Kf4 56. b4 Kg3 57. Nf1+ Kg2 58. Ne3+ Kg1
59. b5 h2 60. Ng4 Nxg4 61. b6 h1=Q 62. b7 Qc6+ 63. Ka7 Qa4+ 64. Kb8 Ne5 0-1

[Event "Igor Kurnosov Mem Rapid"]
[Site "Chelyabinsk RUS"]
[Date "2016.05.27"]
[Round "9.2"]
[White "Grischuk, Alexander"]
[Black "Movsesian, Sergei"]
[Result "1-0"]
[WhiteTitle "GM"]
[BlackTitle "GM"]
[WhiteElo "2752"]
[BlackElo "2660"]
[WhiteFideId "4126025"]
[BlackFideId "310204"]
[EventDate "2016.05.26"]

1. e4 c5 2. Nf3 e6 3. Nc3 d6 4. d4 cxd4 5. Nxd4 Nf6 6. g4 e5 7. Bb5+ Bd7 8.
Bxd7+ Qxd7 9. Nf5 h5 10. gxh5 Nxh5 11. Qf3 Nc6 12. Be3 g6 13. Ng3 O-O-O 14. Nd5
Qe6 15. O-O-O Kb8 16. Kb1 Ne7 17. Bg5 Rc8 18. Bxe7 Bxe7 19. Nxh5 Rxh5 20. Qe2
Bd8 21. Rd3 Rh4 22. Rb3 Qd7 23. f3 f5 24. a3 Ka8 25. Rd1 fxe4 26. fxe4 Qg4 27.
Re1 Qxe2 28. Rxe2 Kb8 29. Rf3 Bg5 30. Rg3 Bh6 31. Rxg6 Rd8 32. Rf2 Bf4 33. Rfg2
a6 34. Rf6 Bxh2 35. Rf7 Ka7 36. a4 a5 37. Nc3 Kb6 38. Rgg7 Rb8 39. Rc7 Bf4 40.
Rgd7 Rh6 41. Nd5+ Ka6 42. Ka2 Bg3 43. c3 Bf2 44. Rf7 Bc5 45. b4 axb4 46. cxb4
Bd4 47. Kb3 Rh1 48. Rfd7 Rf8 49. Rxd6+ Ka7 50. a5 Rh3+ 51. Ka4 Kb8 52. Rdd7 Rf1
53. Rxb7+ 1-0

[Event "Igor Kurnosov Mem Rapid"]
[Site "Chelyabinsk RUS"]
[Date "2016.05.27"]
[Round "9.3"]
[White "Riazantsev, Alexander"]
[Black "Rublevsky, Sergei"]
[Result "1/2-1/2"]
[WhiteTitle "GM"]
[BlackTitle "GM"]
[WhiteElo "2646"]
[BlackElo "2692"]
[WhiteFideId "4125029"]
[BlackFideId "4115309"]
[EventDate "2016.05.26"]

1. d4 d5 2. Nf3 Nf6 3. c4 c6 4. e3 g6 5. Nc3 Bg7 6. Be2 O-O 7. O-O a6 8. b3 Bg4
9. h3 Bxf3 10. Bxf3 e6 11. a4 a5 12. Qe2 Na6 13. Ba3 Re8 14. Rfd1 Bf8 15. Bb2
Bg7 16. Ba3 Bf8 17. Bb2 Bg7 18. Ba3 1/2-1/2

[Event "Igor Kurnosov Mem Rapid"]
[Site "Chelyabinsk RUS"]
[Date "2016.05.27"]
[Round "9.4"]
[White "Potapov, Pavel"]
[Black "Maletin, Pavel"]
[Result "0-1"]
[WhiteTitle "GM"]
[BlackTitle "GM"]
[WhiteElo "2485"]
[BlackElo "2580"]
[WhiteFideId "4169786"]
[BlackFideId "4146786"]
[EventDate "2016.05.26"]

1. e4 c5 2. c3 Nf6 3. e5 Nd5 4. Bc4 e6 5. Nf3 d6 6. d4 cxd4 7. cxd4 Be7 8. O-O
O-O 9. Bxd5 exd5 10. Nc3 Be6 11. Bf4 dxe5 12. Nxe5 f6 13. Nd3 Nc6 14. Re1 Bf7
15. Nc5 b6 16. Ne6 Bxe6 17. Rxe6 Qd7 18. Re3 Bb4 19. Rc1 Rac8 20. a3 Bxc3 21.
Rexc3 Na5 22. Qh5 Rxc3 23. Rxc3 Nc4 24. h4 Qe6 25. Kh2 Qe4 26. Rg3 Rf7 27. Qg4
h5 28. Qc8+ Kh7 29. Rf3 Nxb2 30. Bg3 Nc4 31. Rf4 Qg6 32. Rf5 Nd2 33. Rxd5 Nf1+
34. Kg1 Re7 35. Qc3 Qb1 36. Rxh5+ Kg6 37. Qf3 Nd2+ 0-1

[Event "Igor Kurnosov Mem Rapid"]
[Site "Chelyabinsk RUS"]
[Date "2016.05.27"]
[Round "9.5"]
[White "Kosyrev, Vladimir"]
[Black "Zvjaginsev, Vadim"]
[Result "1/2-1/2"]
[WhiteTitle "GM"]
[BlackTitle "GM"]
[WhiteElo "2520"]
[BlackElo "2672"]
[WhiteFideId "4122259"]
[BlackFideId "4113403"]
[EventDate "2016.05.26"]

1. d4 d5 2. c4 e6 3. Nc3 Nf6 4. Bg5 Be7 5. e3 O-O 6. Nf3 Nbd7 7. Rc1 h6 8. Bh4
c6 9. Bd3 a6 10. b3 b6 11. O-O Bb7 12. Qe2 c5 13. Rfd1 Ne4 14. Bxe7 Qxe7 15.
cxd5 1/2-1/2

[Event "Igor Kurnosov Mem Rapid"]
[Site "Chelyabinsk RUS"]
[Date "2016.05.27"]
[Round "9.6"]
[White "Yudin, Sergei"]
[Black "Gutenev, Alexander"]
[Result "1-0"]
[WhiteTitle "GM"]
[BlackTitle "FM"]
[WhiteElo "2530"]
[BlackElo "2398"]
[WhiteFideId "4159659"]
[BlackFideId "4195540"]
[EventDate "2016.05.26"]

1. e4 c5 2. Nf3 Nc6 3. c3 Nf6 4. e5 Nd5 5. Bc4 Nb6 6. Bb3 c4 7. Bc2 Qc7 8. Qe2
g5 9. h3 Bg7 10. O-O Nxe5 11. Nxg5 h6 12. Nf3 d5 13. a4 a6 14. Re1 Nc6 15. d4
cxd3 16. Bxd3 Bd7 17. Nbd2 O-O 18. a5 Nc8 19. c4 e6 20. cxd5 exd5 21. Nb3 N8e7
22. Be3 Nf5 23. Bxf5 Bxf5 24. Qd2 h5 25. Nfd4 Bg6 26. Rac1 Rfe8 27. Nxc6 bxc6
28. Bd4 Rxe1+ 29. Rxe1 Qd6 30. Nc5 Rb8 31. Nxa6 Rb5 32. b4 Kh7 33. Nc5 Qb8 34.
Bxg7 Kxg7 35. Qc3+ Kh7 36. a6 Bf5 37. Qf6 Bg6 38. a7 Qd8 1-0

[Event "Igor Kurnosov Mem Rapid"]
[Site "Chelyabinsk RUS"]
[Date "2016.05.27"]
[Round "9.7"]
[White "Drygalov, Sergey"]
[Black "Khismatullin, Denis"]
[Result "0-1"]
[BlackTitle "GM"]
[WhiteElo "2372"]
[BlackElo "2609"]
[WhiteFideId "24171743"]
[BlackFideId "4142578"]
[EventDate "2016.05.26"]

1. d4 Nf6 2. Nf3 d6 3. c4 Nbd7 4. g3 e5 5. Bg2 c6 6. O-O Be7 7. Nc3 O-O 8. Qc2
Re8 9. h3 Qc7 10. e4 b5 11. cxb5 cxb5 12. Qb3 a6 13. Be3 Bb7 14. Rfc1 Qb8 15. a4
Nxe4 16. axb5 exd4 17. Bxd4 Ndc5 18. Qc4 axb5 19. Qxb5 Nxc3 20. bxc3 Bxf3 21.
Qxb8 Raxb8 22. Bxf3 Nb3 23. Bd5 Nxc1 24. Rxc1 Bd8 25. Bc6 Re7 26. Ra1 Rc7 27.
Bd5 Bf6 28. Bxf6 gxf6 29. c4 Rb6 30. Ra3 Re7 31. Rf3 Kg7 32. Kg2 Re5 33. Ra3 Rb2
34. Rf3 Rd2 35. Rf4 f5 36. h4 Kg6 37. Bc6 Rd3 38. Bb7 Kf6 39. Bc6 h6 40. Bb7 Re7
41. Bc8 Re5 42. Bb7 Rc3 43. Bd5 Ke7 44. Bf3 Ra3 45. Bd5 f6 46. Bf3 Rd3 47. Bc6
Kd8 48. Bd5 Kc7 49. Bg8 Ra3 50. Bh7 Raa5 51. Bg8 Kb6 52. g4 Re4 53. Rxe4 fxe4
54. Bd5 Kc5 55. Kg3 Kd4 56. Kf4 Ra2 57. Kg3 Ra3+ 58. Kg2 Rc3 59. Bf7 Ke5 60. Bd5
Kf4 61. Be6 Rc2 0-1

[Event "Igor Kurnosov Mem Rapid"]
[Site "Chelyabinsk RUS"]
[Date "2016.05.27"]
[Round "9.8"]
[White "Drygalov, Andrey"]
[Black "Lysyj, Igor"]
[Result "1/2-1/2"]
[BlackTitle "GM"]
[WhiteElo "2339"]
[BlackElo "2668"]
[WhiteFideId "24171735"]
[BlackFideId "4150120"]
[EventDate "2016.05.26"]

1. Nf3 Nf6 2. g3 b6 3. Bg2 Bb7 4. O-O e6 5. d3 Be7 6. e4 d6 7. Re1 c5 8. Nbd2
O-O 9. Nf1 Qc7 10. h4 Nc6 11. N1h2 Rad8 12. g4 Nd7 13. g5 Nde5 14. Bf4 Nxf3+ 15.
Nxf3 e5 16. Be3 Bc8 17. Nh2 f5 18. exf5 Bxf5 19. Bd5+ Kh8 20. c3 Qd7 21. Qa4 Rc8
22. Rad1 Be6 23. Bg2 d5 24. d4 exd4 25. cxd4 c4 26. b3 cxb3 27. axb3 Bd6 28. Rc1
Bh3 29. Bh1 Bb8 30. Rc2 Bf5 31. Rc3 Be4 32. Bxe4 dxe4 33. Rec1 Bxh2+ 34. Kxh2
Rf3 35. Kg1 Rh3 36. Bf4 Rf3 37. Bg3 e3 38. Rxe3 Rxe3 39. fxe3 Qe6 40. Kh2 Qxe3
41. Rxc6 Qe2+ 42. Kh3 Qf1+ 43. Kh2 Qe2+ 44. Kh3 Qf1+ 45. Kh2 Qe2+ 1/2-1/2